| 000 | 00629cam a2200229 i 4500 | ||
|---|---|---|---|
| 001 | 2759181 | ||
| 005 | 20180223081315.0 | ||
| 008 | 800221s1978 mau b 000 0 eng | ||
| 010 | _a 79128437 | ||
| 020 | _a0896080463 | ||
| 020 |
_a0896080455 (pbk.) : _c$4.00 |
||
| 040 |
_aDLC _cDLC _dDLC |
||
| 041 | _aeng | ||
| 080 | _a305.42 WEI | ||
| 082 | 0 | 0 | _a305.42 WEI |
| 100 | 1 | _a50 | |
| 101 | _aSOC | ||
| 245 | 1 | 4 |
_aThe curious courtship of women's liberation and socialism / _cby Batya Weinbaum. |
| 504 | _aIncludes bibliographical references. | ||
| 906 |
_a7 _bcbc _corignew _d2 _encip _f19 _gy-gencatlg |
||
| 942 |
_2ddc _cBK |
||
| 999 |
_c43295 _d43295 |
||